Implementación de un compilador de lenguaje ensamblador para los procesadores vectoriales del GPU THEIA
Guardado en:
| Hovedforfatter: | |
|---|---|
| Andre forfattere: | |
| Format: | Bog |
| Sprog: | Spanish |
| Udgivet: |
[San José, Costa Rica]
2012
|
| Fag: | |
| Tags: |
Tilføj Tag
Ingen Tags, Vær først til at tagge denne postø!
|
MARC
| LEADER | 00000nam a22000007a 4500 | ||
|---|---|---|---|
| 003 | 011697 | ||
| 005 | 20230829142049.0 | ||
| 008 | 151005b2013 cr a|||| |||| 00| ||spa d | ||
| 040 | |c cru CEDI | ||
| 090 | |a TFG 6867 | ||
| 100 | |9 1314 |a Mora Ballestero, Esteban | ||
| 245 | |a Implementación de un compilador de lenguaje ensamblador para los procesadores vectoriales del GPU THEIA | ||
| 260 | |a [San José, Costa Rica] |c 2012 | ||
| 300 | |a xv, 156 hojas : ilustraciones | ||
| 500 | |a Proyecto de graduación (bachillerato de ingeniería eléctrico)--Universidad de Costa Rica. Facultad de Ingeniería. Escuela de Ingeniería Eléctrica | ||
| 501 | |a Profesor Guía IE-0502 Proyecto Eléctrico de Graduación: Ing. Diego Valverde Garro. | ||
| 650 | |x LENGUAJES DE PROGRAMACION (COMPUTADORAS ELECTRONICAS) |x PROGRAMACION (COMPUTADORAS ELECTRONICAS) - LENGUAJE |x PROGRAMAS PARA COMPUTADORA |x SISTEMAS DE TRANSMISION DE DATOS |x SISTEMAS DE TELECOMUNICACION |9 1315 | ||
| 700 | |9 1185 |a Diego Valverde Garro, 1979- |d Director de Proyecto Eléctrico | ||
| 942 | |c CEDI | ||
| 999 | |c 14077 |d 14077 | ||
